The Best Test Preparation For The Graduate Record Examination Gre Mathematics (Record no. 24708)

000 -LEADER
fixed length control field 00157nam a22000617a 4500
003 - CONTROL NUMBER IDENTIFIER
control field Nust
005 - DATE AND TIME OF LATEST TRANSACTION
control field 20170314122403.0
008 - FIXED-LENGTH DATA ELEMENTS--GENERAL INFORMATION
fixed length control field 140829b xxu||||| |||| 00| 0 eng d
040 ## - CATALOGING SOURCE
Original cataloging agency DLC
Language of cataloging DLC
Transcribing agency RCMS
082 ## - DEWEY DECIMAL CLASSIFICATION NUMBER
Classification number 512AGR
100 ## - MAIN ENTRY--PERSONAL NAME
Personal name Agrwal Parkash Om
245 ## - TITLE STATEMENT
Title The Best Test Preparation For The Graduate Record Examination Gre Mathematics
300 ## - PHYSICAL DESCRIPTION
Extent xiv,340,p:
Other physical details ill
Dimensions 26,cm.
650 ## - SUBJECT ADDED ENTRY--TOPICAL TERM
Topical term or geographic name entry element GRE Mathematics
856 ## - ELECTRONIC LOCATION AND ACCESS
Materials specified Table of Content only
942 ## - ADDED ENTRY ELEMENTS (KOHA)
Source of classification or shelving scheme
Koha item type Book
Call number prefix 512AGR
Call number suffix 512AGR
Holdings
Withdrawn status Lost status Source of classification or shelving scheme Damaged status Not for loan Permanent Location Current Location Shelving location Date acquired Total Checkouts Barcode Date last seen Date last checked out Price effective from Koha item type
          School of Interdisciplinary Engineering and Sciences (SINES) School of Interdisciplinary Engineering and Sciences (SINES) General Stacks 08/29/2014 2 RCMS001925 06/04/2025 08/12/2024 08/29/2014 Book
© 2023 Central Library, National University of Sciences and Technology. All Rights Reserved.